| 000 | 00611nam a2200205Ia 4500 | ||
|---|---|---|---|
| 005 | 20240212111014.0 | ||
| 008 | 131103s9999 xx 000 0 und d | ||
| 020 |
_a8187075082 _cRs.125 |
||
| 040 | _aLoreto College | ||
| 041 | _aEnglish | ||
| 082 |
_a951.5 _bBAR |
||
| 100 | _aBarber,Noel | ||
| 245 |
_aFrom the land of lost content _b the Dalai Lama's fight for Tibet _cNoel Barber |
||
| 260 |
_aNew Delhi _bSrishti Publishers _c1997 |
||
| 300 |
_a224 p. _b ill.,maps |
||
| 504 | _aIncludes bibliographical references and index | ||
| 650 | _aTibet - History,20th century | ||
| 850 | _aLCLIB | ||
| 942 | _cBK | ||
| 999 |
_c7903 _d58382 |
||